| 000 | 00325cam a22001097a 4500 | ||
|---|---|---|---|
| 008 | 180718b1956 xxu||||| |||| 00| 0 eng d | ||
| 082 | _aT111 W484 | ||
| 100 | _aWendzel, Julius T. | ||
| 245 |
_aThe dynamics of capitalism towrds continous growth _cby Julius T. Wendzel |
||
| 260 |
_aNew York _bHarper _c1956 |
||
| 650 | _aCapitalism | ||
| 999 |
_c433950 _d433950 |
||